Sergio Ramos - Statistics

Estatísticas Gerais
  • Esse quiz foi jogado 128 vezes
    40 desde o último reset
  • A pontuação média é 5 de 7
Estatísticas das Respostas
Anos Clubes % Correto
2005-2021 Real Madrid
100%
(Seleção)2005-2021 Espanha
97%
2004-2005 Sevilla
95%
2023-2024 Sevilla
95%
2021-2023 PSG
89%
2025- Monterrey
68%
2003-2004 Sevilla Atlético
3%
Nenhum quiz correspondente encontrado
Distribuição das Pontuações
Porcentagem de Pessoas com Cada Pontuação
Percentil de Números Respondidos
Sua Pontuação Histórica
Você não jogou esse quiz desde o último reset